banner-ar

التقويم العربى قبل الاسلام وتاريخ ميلاد الرسول وهجرته صلى الله عليه وسلم / (Record no. 36113)

MARC details
000 -الفاتح
حقل البيانات ثابتة الطول 00795nam a2200205Ia 4500
008 - عناصر البيانات ثابتة الطول - معلومات عامة
حقل البيانات ثابتة الطول 140319s9999 xx 000 0 ara d
040 ## - مصدر الفهرسة
وكالة الفهرسة الأصلية GCL /
وكالة النسخ GCL
082 04 - رقم تصنيف ديوى العشرى
رقم التصنيف 239.2
رقم المادة م ت
100 1# - المدخل الرئيسى - إسم شخصى
الإسم الشخصى محمود باشا الفلكى
245 10 - بيان العنوان
العنوان التقويم العربى قبل الاسلام وتاريخ ميلاد الرسول وهجرته صلى الله عليه وسلم /
بيان المسئوليه,etc محمود باشا الفلكى
700 1# - المدخل الاضافى - اسم شخصى
الإسم الشخصى محمود صالح الفلكى (مترجم)
260 ## - PUBLICATION, DISTRIBUTION, ETC. (IMPRINT)
تاريخ النشر أو التوزيع 1969
300 ## - الوصف المادى
التعداد 111 ص
490 ## - بيان السلسلة
عنوان السلسلة سلسلة البحوث الاسلامية
رقم المجلد/ التعيين التسلسلي 0
650 04 - المدخل الاضافى بالموضوع-مصطلح موضوعى
مصطلح موضوعي السيرة النبوية
650 04 - المدخل الاضافى بالموضوع-مصطلح موضوعى
مصطلح موضوعي التاريخ الاسلامى
650 04 - المدخل الاضافى بالموضوع-مصطلح موضوعى
مصطلح موضوعي هجرة الرسول
942 ## - عناصر المدخل الإضافي( كوها)
مصدر التصنيف او مخطط الترفيف Dewey Decimal Classification
Koha [default] item type كتاب
260 ## - PUBLICATION, DISTRIBUTION, ETC. (IMPRINT)
-- [S.N] :
-- مجمع البحوث الاسلامية ،
Holdings
حالة التراجع حالة الفقد حالة تلف ليس للاعارة المكان المؤقت الموقع الحالى تاريخ الاكتساب اجمالي اﻻعارات رقم الطلب الباركود تاريخ اخر مشاهدة تاريخ تفعيل السعر نوع وعاء كوها
        مكتبة القاهرة الكبرى مكتبة القاهرة الكبرى 03/26/2014   239.2\م ت 87869 03/26/2014 03/26/2014 كتاب

Powered By

EGPV